Business mathematics / (Record no. 2878)
[ view plain ]
| 000 -LEADER | |
|---|---|
| fixed length control field | 00693nam a22002292 4500 |
| 001 - CONTROL NUMBER | |
| control field | 0000004813 |
| 005 - DATE AND TIME OF LATEST TRANSACTION | |
| control field | 20151217145821.0 |
| 008 - FIXED-LENGTH DATA ELEMENTS--GENERAL INFORMATION | |
| fixed length control field | 070530s xx 000 0 eng d |
| 020 ## - INTERNATIONAL STANDARD BOOK NUMBER | |
| Terms of availability | KES 520 |
| 040 ## - CATALOGING SOURCE | |
| Original cataloging agency | KABU |
| Transcribing agency | KABU |
| 050 #0 - LIBRARY OF CONGRESS CALL NUMBER | |
| Classification number | HF5691 |
| Item number | .Z36 |
| 100 1# - MAIN ENTRY--PERSONAL NAME | |
| Personal name | Zameeruddin, Qazi. |
| -- | 0000155640 |
| 245 10 - TITLE STATEMENT | |
| Title | Business mathematics / |
| Statement of responsibility, etc. | Qazi Zameeruddin, V. K. Khanna, S. K. Bhambri. |
| 260 ## - PUBLICATION, DISTRIBUTION, ETC. (IMPRINT) | |
| Place of publication, distribution, etc. | New Delhi : |
| Name of publisher, distributor, etc. | Vikas Publishing House, |
| Date of publication, distribution, etc. | 1980. |
| 300 ## - PHYSICAL DESCRIPTION | |
| Extent | xvi, 830 p. |
| 650 #0 - SUBJECT ADDED ENTRY--TOPICAL TERM | |
| Topical term or geographic name as entry element | Business mathematics. |
| -- | 0000148324 |
| 700 1# - ADDED ENTRY--PERSONAL NAME | |
| Personal name | Khanna, V. K. |
| -- | 0000155641 |
| 700 1# - ADDED ENTRY--PERSONAL NAME | |
| Personal name | Bhambri, S. K. |
| -- | 0000155642 |
| 908 ## - PUT COMMAND PARAMETER (RLIN) | |
| Put command parameter | 070530 |
| 950 ## - LOCAL HOLDINGS (RLIN) | |
| -- | 1 |
| Withdrawn status | Lost status | Source of classification or shelving scheme | Not for loan | Home library | Current library | Date acquired | Total Checkouts | Full call number | Barcode | Date last seen | Date last checked out | Price effective from | Koha item type |
|---|---|---|---|---|---|---|---|---|---|---|---|---|---|
| Library of Congress Classification | Kabarak, Main Campus | Kabarak, Main Campus | 17/12/2015 | 16 | HF5691 .Z36 | 005162 | 10/06/2022 | 25/05/2022 | 17/12/2015 | General Collection |